José Celestino Mutis : (Registro nro. 72590)

Detalles MARC
000 -LEADER
campo de control de longitud fija 01691nam a2200433 i 4500
001 - NÚMERO DE CONTROL
campo de control 72590
003 - IDENTIFICADOR DE NÚMERO DE CONTROL
campo de control FINmELB
005 - FECHA Y HORA DE LA ÚLTIMA TRANSACCIÓN
campo de control 20241217143409.0
006 - CÓDIGOS DE INFORMACIÓN DE LONGITUD FIJA--CARACTERÍSTICAS DEL MATERIAL ADICIONAL
campo de control de longitud fija m o d |
007 - CAMPO FIJO DE DESCRIPCIÓN FÍSICA--INFORMACIÓN GENERAL
campo de control de longitud fija cr cnu||||||||
008 - DATOS DE LONGITUD FIJA--INFORMACIÓN GENERAL
campo de control de longitud fija 230724s2022 ck a ob 001 0 spa d
020 ## - NÚMERO INTERNACIONAL ESTÁNDAR DEL LIBRO
Número Internacional Estándar del Libro 9789587636260
Información calificativa (e-book)
035 ## - NÚMERO DE CONTROL DEL SISTEMA
Número de control de sistema (OCoLC)1394962409
040 ## - FUENTE DE CATALOGACIÓN
Centro catalogador/agencia de origen FINmELB
Lengua de catalogación spa
Normas de descripción rda
Centro/agencia transcriptor FINmELB
050 #4 - SIGNATURA TOPOGRÁFICA DE LA BIBLIOTECA DEL CONGRESO
Número de clasificación QE22.M99
Número de ítem J371 2022
080 ## - NÚMERO DE LA CLASIFICACIÓN DECIMAL UNIVERSAL
Número de la Clasificación Decimal Universal 929(58)
082 04 - NÚMERO DE LA CLASIFICACIÓN DECIMAL DEWEY
Número de clasificación 925.468
Información de edición 23
100 1# - ENTRADA PRINCIPAL--NOMBRE DE PERSONA
Nombre de persona Jaramillo Cuartas, Diego,
Término indicativo de función/relación autor.
245 10 - MENCIÓN DEL TÍTULO
Título José Celestino Mutis :
Resto del título sacerdote de Dios y de la naturaleza /
Mención de responsabilidad, etc. Diego Jaramillo Cuartas.
264 #1 - PRODUCCIÓN, PUBLICACIÓN, DISTRIBUCIÓN, FABRICACIÓN Y COPYRIGHT
Producción, publicación, distribución, fabricación y copyright Bogotá :
Nombre del de productor, editor, distribuidor, fabricante Corporación Universitaria Minuto de Dios,
Fecha de producción, publicación, distribución, fabricación o copyright 2022.
300 ## - DESCRIPCIÓN FÍSICA
Extensión 1 recurso en línea (43 páginas) :
Otras características físicas ilustraciones
336 ## - TIPO DE CONTENIDO
Término de tipo de contenido texto
Código de tipo de contenido txt
Fuente rdacontent/spa
337 ## - TIPO DE MEDIO
Nombre/término del tipo de medio computadora
Código del tipo de medio c
Fuente rdamedia/spa
338 ## - TIPO DE SOPORTE
Nombre/término del tipo de soporte recurso en línea
Código del tipo de soporte cr
Fuente rdacarrier/spa
490 1# - MENCIÓN DE SERIE
Mención de serie Colección Hojas Mutisianas
500 ## - NOTA GENERAL
Nota general Incluye índice.
504 ## - NOTA DE BIBLIOGRAFÍA, ETC.
Nota de bibliografía, etc. Nota Incluye referencias bibliográficas.
588 ## - NOTA DE FUENTE DE LA DESCRIPCIÓN
Nota de fuente de la descripción Descripción basada en metadatos suministrados por el editor y otras fuentes.
590 ## - NOTA LOCAL (RLIN)
Nota local Recurso electrónico. Santa Fe, Arg.: elibro, 2023. Disponible vía World Wide Web. El acceso puede estar limitado para las bibliotecas afiliadas a elibro.
600 14 - PUNTO DE ACCESO ADICIONAL DE MATERIA--NOMBRE DE PERSONA
Nombre de persona Mutis, José Celestino,
Fechas asociadas al nombre 1732-1808,
Subdivisión de forma biografía.
650 #4 - PUNTO DE ACCESO ADICIONAL DE MATERIA--TÉRMINO DE MATERIA
Término de materia o nombre geográfico como elemento de entrada Botánicos
Subdivisión general Biografías.
650 #4 - PUNTO DE ACCESO ADICIONAL DE MATERIA--TÉRMINO DE MATERIA
Término de materia o nombre geográfico como elemento de entrada Geógrafos
Subdivisión general Biografías.
650 #4 - PUNTO DE ACCESO ADICIONAL DE MATERIA--TÉRMINO DE MATERIA
Término de materia o nombre geográfico como elemento de entrada Médicos
Subdivisión general Biografías.
650 #4 - PUNTO DE ACCESO ADICIONAL DE MATERIA--TÉRMINO DE MATERIA
Término de materia o nombre geográfico como elemento de entrada Sacerdotes
Subdivisión general Biografías.
655 #4 - TERMINO DE INDIZACIÓN--GENERO/FORMA
Datos o término principal de género/forma Libros electrónicos.
797 2# - PUNTO DE ACCESO ADICIONAL LOCAL--NOMBRE DE ENTIDAD CORPORATIVA (RLIN)
Nombre de entidad corporativa o nombre de jurisdicción como elemento de entrada elibro, Corp.
830 #0 - PUNTO DE ACCESO ADICIONAL DE SERIE-TÍTULO UNIFORME
Título uniforme Colección Hojas Mutisianas.
856 40 - LOCALIZACIÓN Y ACCESO ELECTRÓNICOS
Identificador Uniforme de Recurso <a href="https://elibro.net/ereader/politecnicointernacional/231765">https://elibro.net/ereader/politecnicointernacional/231765</a>

No hay ítems disponibles.


Politécnico Internacional

Institución de Educación Superior
Vigilado Mineducación.
SNES 4727 +4135 DEL 11 de nov. de 2004

Sedes

Sede Norte - Av. Boyacá 138 - 70

Sede Sur - Autopista Sur No 67 - 71

Sede Av Chile - Calle 73 Nº 10-45

Información Legal

Derechos Pecuniarios | Habeas Data | Reglamento Biblioteca


Compartir

YouTube | Twitter | Facebook | LinkedIn


Comunícate con nosotros:

Admisiones: 60-1-7950000
Atención al cliente: 60-1-4005700